Culture Générale - Série 2726 - Statistiques

Statistiques générales
  • Ce quiz a été pris 87 fois
  • Le résultat moyen est 4 sur 10
Statistiques - réponses
Question Réponse % Correct
Année de la signature du traité de Maastricht 1992
71%
Comment a-t-on appelé le système concentrationnaire soviétique ? goulag
70%
De quel pays Emiliano Zapata (1879-1919) a-t-il été le leader de la révolution paysanne ? Mexique
57%
Quelle est la capitale du Honduras ? Tegucigalpa
57%
Quel animal était l'emblème de François 1er ? salamandre
41%
Comment s'appelle le camp militaire où sont conservées les réserves d'or des Etats-Unis ? Fort Knox
35%
Quel animal était Erymanthe dont la capture constituait le quatrième travail d'Héraclès ? sanglier
24%
Longue vague déferlante produite dans certains estuaires par la rencontre du flux et du reflux. mascaret
20%
Dans quelle ville se situe l'action de "la cité de la joie" roman de Dominique Lapierre ? Calcutta
14%
Quel est le saint patron des agriculteurs ? Médard
0%
Aucun quiz correspondant
Distribution des résultats
% des personnes avec chaque résultat
Percentile par nombre de réponses
Votre historique - résultats
Vous n’avez pas pris ce quiz